| 000 | 00738nas a2200241Ia 4500 | ||
|---|---|---|---|
| 001 | R036/44113 | ||
| 003 | IT-RoPAU | ||
| 008 | 151124c99999999xx |||||||||||| ||und|| | ||
| 040 | _aIT-RoPAU | ||
| 040 | _cIT-RoPAU | ||
| 041 | _aITALIANO | ||
| 100 |
_aGuerrasio Guido _gCodice Aut. SPICS: 20160 |
||
| 210 | _aSEQUENZE | ||
| 222 | _aSequenze | ||
| 245 |
_aSEQUENZE, ANNO 2-N.10/11 (GIUGNO/LUGLIO 1950) _bE' Nata Muta la Diva Americana |
||
| 250 | _a1a ed. | ||
| 260 |
_aPARMA _bMACCARI _c1950 |
||
| 501 |
_bPaulus - SPICS - Società San Paolo EM (non-commercial uses only) _cCopyright2015 |
||
| 300 | _a7 p. [9-15] | ||
| 362 | _aANNO 002, N.10/11 (GIUGNO/LUGLIO 1950) | ||
| 650 |
_aCINEMA _vPUBBLICAZIONE PERIODICA |
||
| 942 | _cCR | ||
| 999 |
_c112537 _d112537 |
||